[Event "BL 1920 FC Bayern München - SG Turm Ki"]
[Site "?"]
[Date "2019.11.23"]
[Round "1.4"]
[White "Georgiadis, Nico"]
[Black "Glud, Jakob Vang"]
[Result "1-0"]
[WhiteElo "2529"]
[BlackElo "2550"]
[PlyCount "117"]
[EventDate "2019.??.??"]

1. e4 e5 2. Nf3 Nc6 3. Bb5 a6 4. Ba4 Nf6 5. O-O Be7 6. Re1 b5 7. Bb3 d6 8. c3
O-O 9. h3 Nb8 10. d4 Nbd7 11. Nbd2 Bb7 12. Bc2 c5 13. Nf1 Re8 14. d5 c4 15. Ng3
g6 16. Be3 Bf8 17. Qd2 Nc5 18. Bxc5 dxc5 19. a4 Nd7 20. h4 h5 21. Red1 Qf6 22.
Ng5 Bd6 23. Nf1 Nf8 24. Rdb1 Rab8 25. Qe3 Nh7 26. Nf3 Bc8 27. N1d2 Bg4 28. axb5
axb5 29. Ra6 Bc8 30. Ra7 Re7 31. Rba1 Rxa7 32. Rxa7 Qd8 33. Qe1 Qb6 34. Qa1 Nf6
35. Ng5 Bb7 36. g3 Ne8 37. Qa5 Bc7 38. Qxb6 Bxb6 39. Ra1 f6 40. Nh3 Nd6 41. f4
Re8 42. fxe5 fxe5 43. Ng5 Nf7 44. Nxf7 Kxf7 45. Nf3 Kg8 46. Kg2 Bc8 47. Bd1 Bg4
48. Ng5 Bc8 49. g4 Kg7 50. Ra8 Bd7 51. Ra6 Rb8 52. gxh5 Bc8 53. Ra1 gxh5 54.
Bxh5 b4 55. Kg3 Bd7 56. Be2 Bb5 57. Rf1 Rb7 58. Ne6+ Kh7 59. Rf8 1-0

[Event "BL 1920 FC Bayern München - SG Turm Ki"]
[Site "?"]
[Date "2019.11.23"]
[Round "1.5"]
[White "Bjerre, Jonas Buhl"]
[Black "Studer, Noel"]
[Result "0-1"]
[WhiteElo "2529"]
[BlackElo "2541"]
[PlyCount "74"]
[EventDate "2019.??.??"]

1. d4 d5 2. c4 dxc4 3. Nf3 Nf6 4. e3 e6 5. Bxc4 a6 6. O-O c5 7. Bb3 Nc6 8. Qe2
cxd4 9. Rd1 Be7 10. exd4 O-O 11. Nc3 Bd7 12. Ne5 Be8 13. Bg5 Nd5 14. Bxe7 Ncxe7
15. Rac1 Rb8 16. Qg4 Nf6 17. Qh4 Bc6 18. Bc2 h6 19. Nxc6 Nxc6 20. Bb1 Qb6 21.
Ne4 Nd5 22. Nc5 Qxb2 23. Rc2 Qb4 24. a3 Qxa3 25. Nd7 Nc3 26. Rf1 Nxb1 27. Nxb8
Nb4 28. Nd7 Nxc2 29. Nxf8 Nd2 30. Nd7 Qa5 31. Rd1 Nb3 32. Qe4 Qc7 33. d5 Ncd4
34. dxe6 Nxe6 35. Qd5 Nbd4 36. h3 Ne2+ 37. Kh1 Nc3 0-1

[Event "BL 1920 FC Bayern München - SG Turm Ki"]
[Site "?"]
[Date "2019.11.23"]
[Round "1.6"]
[White "Bischoff, Klaus"]
[Black "Gavrilescu, David"]
[Result "1/2-1/2"]
[WhiteElo "2511"]
[BlackElo "2454"]
[PlyCount "90"]
[EventDate "2019.??.??"]

1. c4 e6 2. Nc3 Nf6 3. Nf3 d5 4. e3 c5 5. cxd5 exd5 6. Bb5+ Nc6 7. b3 Bd6 8.
Bxc6+ bxc6 9. Ba3 Ba6 10. Na4 c4 11. Bxd6 Qxd6 12. Qc2 Ne4 13. bxc4 Bxc4 14.
Nb2 Ba6 15. d3 Qb4+ 16. Nd2 Nxd2 17. Qxd2 Rb8 18. Qxb4 Rxb4 19. O-O-O Ke7 20.
Rd2 Rhb8 21. Rhd1 Kd6 22. Rc2 Bc8 23. Rdd2 g5 24. g3 Be6 25. Rc3 R8b5 26. Ra3
a5 27. Rc3 Rb6 28. Ra3 R6b5 29. Rc3 Bf5 30. e4 d4 31. Nc4+ Kc7 32. Rb3 Bxe4 33.
Nxa5 Bd5 34. Rxb4 Rxb4 35. Rb2 Ra4 36. Nb3 Kd6 37. Kc2 Ke5 38. Nc1 Kf5 39. h3
Ke5 40. Rb8 Bxa2 41. Rh8 Be6 42. Rxh7 Ra5 43. h4 Kf5 44. hxg5 Kxg5 45. Rh4 c5
1/2-1/2

[Event "BL 1920 FC Bayern München - SG Turm Ki"]
[Site "?"]
[Date "2019.11.23"]
[Round "1.7"]
[White "Pakleza, Zbigniew"]
[Black "Lokander, Martin"]
[Result "1-0"]
[WhiteElo "2501"]
[BlackElo "2398"]
[PlyCount "79"]
[EventDate "2019.??.??"]

1. Nf3 d5 2. c4 e6 3. d4 Nf6 4. Nc3 Be7 5. Bg5 h6 6. Bh4 O-O 7. e3 Ne4 8. Bxe7
Qxe7 9. Rc1 c6 10. Bd3 Nxc3 11. Rxc3 dxc4 12. Bxc4 Nd7 13. O-O b6 14. Qe2 c5
15. Bb5 a6 16. Bc6 Ra7 17. Rfc1 cxd4 18. Nxd4 e5 19. Nf5 Qf6 20. Ng3 Nc5 21.
Bd5 Bd7 22. b4 Na4 23. R3c2 b5 24. e4 a5 25. bxa5 Rxa5 26. Rc7 Nb6 27. Bb3 Qd6
28. Qd1 Qxd1+ 29. Rxd1 Bc8 30. Rxf7 Rxf7 31. Rd8+ Kh7 32. Bxf7 Bd7 33. Rb8 Nc8
34. h4 g6 35. h5 gxh5 36. Nxh5 Ra6 37. Rb7 Nd6 38. Rxd7 Nxf7 39. Rxf7+ Kg6 40.
Rf5 1-0

[Event "BL 1920 FC Bayern München - SG Turm Ki"]
[Site "?"]
[Date "2019.11.23"]
[Round "1.8"]
[White "Lindgren, Philip"]
[Black "Parvanyan, Ashot"]
[Result "0-1"]
[WhiteElo "2353"]
[BlackElo "2448"]
[PlyCount "66"]
[EventDate "2019.??.??"]

1. d4 Nf6 2. c4 g6 3. Nc3 Bg7 4. e4 d6 5. Bd3 O-O 6. Nge2 c5 7. d5 e5 8. f3 Nh5
9. Be3 f5 10. exf5 gxf5 11. Qc2 e4 12. fxe4 f4 13. Bf2 Nd7 14. Ng1 Qg5 15. Bf1
Qh6 16. Nf3 Ng3 17. Rg1 Nxf1 18. Rxf1 Ne5 19. Qe2 Bg4 20. O-O-O a6 21. h3 Bh5
22. Be1 b5 23. cxb5 axb5 24. Qxb5 Rfb8 25. Qe2 Rb4 26. a3 Rb3 27. Kc2 Rab8 28.
Rb1 c4 29. g4 Nd3 30. Nd1 Be8 31. Nd2 f3 32. Rxf3 Ba4 33. Nxb3 Bxb3# 0-1

[Event "BL 1920 SC Viernheim - SV Hockenheim"]
[Site "?"]
[Date "2019.11.24"]
[Round "2.1"]
[White "Vitiugov, Nikita"]
[Black "Kryvoruchko, Yuriy"]
[Result "1/2-1/2"]
[WhiteElo "2751"]
[BlackElo "2683"]
[PlyCount "70"]
[EventDate "2019.??.??"]

1. e4 e5 2. Nf3 Nc6 3. Bb5 Nf6 4. d3 Bc5 5. Bxc6 dxc6 6. Nbd2 Nd7 7. Nc4 f6 8.
O-O O-O 9. Nh4 Nb6 10. Na5 Bb4 11. Nb3 a5 12. a3 Be7 13. Be3 Na4 14. Rb1 Be6
15. Nf5 Qd7 16. Nxe7+ Qxe7 17. c4 Rfd8 18. Qc2 Nb6 19. Nc5 Bc8 20. f4 exf4 21.
Rxf4 Nd7 22. Nxd7 Bxd7 23. Bd2 c5 24. Bc3 Ra6 25. Re1 a4 26. Re3 b5 27. cxb5
Bxb5 28. e5 fxe5 29. Rxe5 Re6 30. Rfe4 Rxe5 31. Rxe5 Qd6 32. Rg5 g6 33. Re5
Qxd3 34. Qxd3 Rxd3 35. Kf2 Kf7 1/2-1/2

[Event "BL 1920 SC Viernheim - SV Hockenheim"]
[Site "?"]
[Date "2019.11.24"]
[Round "2.2"]
[White "Korobov, Anton"]
[Black "Fedoseev, Vladimir"]
[Result "1/2-1/2"]
[WhiteElo "2670"]
[BlackElo "2672"]
[PlyCount "114"]
[EventDate "2019.??.??"]

1. d4 Nf6 2. c4 e6 3. Nf3 d5 4. Nc3 a6 5. c5 Nc6 6. Bf4 Nh5 7. Bd2 Be7 8. e3 g6
9. Be2 Ng7 10. O-O h5 11. Rb1 g5 12. b4 Bf6 13. a4 g4 14. Ne1 e5 15. b5 axb5
16. axb5 Ne7 17. dxe5 Bxe5 18. Nd3 Bf6 19. e4 Ne6 20. exd5 Nxd5 21. Nxd5 Qxd5
22. Nf4 Nxf4 23. Bxf4 Qxc5 24. Rc1 Qd4 25. Qxd4 Bxd4 26. Rfd1 Ra4 27. Rxc7 O-O
28. g3 Bb6 29. Re7 Bd8 30. Re5 Bf6 31. Rxh5 Be6 32. Rc5 Rfa8 33. b6 Rb4 34. Rb5
Rxb5 35. Bxb5 Bb3 36. Rc1 Bd4 37. Be3 Bxe3 38. fxe3 Bd5 39. Be2 Ra2 40. Rc5
Rxe2 41. Rxd5 Rxe3 42. Rd7 Rb3 43. Rxb7 Rb2 44. Rb8+ Kg7 45. b7 Kf6 46. Kf1 Kf5
47. Ke1 f6 48. Kd1 Rb1+ 49. Kc2 Rb6 50. Kd3 Rb4 51. Kc3 Rb1 52. Kc4 Rc1+ 53.
Kd5 Rd1+ 54. Kc6 Rc1+ 55. Kd7 Rb1 56. Kc6 Rc1+ 57. Kd7 Rb1 1/2-1/2

[Event "BL 1920 SC Viernheim - SV Hockenheim"]
[Site "?"]
[Date "2019.11.24"]
[Round "2.3"]
[White "Howell, David W L"]
[Black "Amin, Bassem"]
[Result "1/2-1/2"]
[WhiteElo "2701"]
[BlackElo "2685"]
[PlyCount "83"]
[EventDate "2019.??.??"]

1. e4 e5 2. Nf3 Nc6 3. Nc3 Nf6 4. Bb5 Bb4 5. d3 O-O 6. O-O Bxc3 7. bxc3 d6 8.
Re1 Bd7 9. d4 Nxd4 10. Nxd4 exd4 11. Bxd7 Qxd7 12. cxd4 Rfe8 13. f3 Qa4 14. d5
Nd7 15. Bb2 Nb6 16. Qd3 Qc4 17. a4 Qxd3 18. cxd3 Nd7 19. Rec1 Nc5 20. Ra3 a5
21. Bd4 Na6 22. Rb3 b6 23. Kf2 h5 24. h4 f6 25. Ke3 Kf7 26. Kd2 Rg8 27. Be3 Ke7
28. Kc3 Kd7 29. Kc4 Rge8 30. Kb5 f5 31. Bd4 g6 32. Kc4 Nb4 33. Bc3 Na6 34. Bd4
Nb4 35. Bc3 Na6 36. Bd2 Nc5 37. Ra3 Rac8 38. Be3 c6 39. Bxc5 cxd5+ 40. Kxd5
Re5+ 41. Kd4 bxc5+ 42. Ke3 1/2-1/2

[Event "BL 1920 SC Viernheim - SV Hockenheim"]
[Site "?"]
[Date "2019.11.24"]
[Round "2.4"]
[White "Fedorchuk, Sergey A"]
[Black "Inarkiev, Ernesto"]
[Result "1-0"]
[WhiteElo "2621"]
[BlackElo "2665"]
[PlyCount "139"]
[EventDate "2019.??.??"]

1. e4 c5 2. Nf3 Nc6 3. Bb5 g6 4. Bxc6 dxc6 5. d3 Bg7 6. h3 e5 7. Be3 b6 8. a4
a5 9. Nbd2 Qc7 10. O-O Ne7 11. Nc4 Be6 12. b3 h6 13. Bd2 g5 14. Nh2 Ng6 15. Ng4
Nf4 16. Nge3 O-O-O 17. Qe1 Rdg8 18. Nf5 Bf6 19. Kh2 Bxf5 20. exf5 g4 21. Qe4
gxh3 22. g3 Nd5 23. Rae1 Re8 24. Kxh3 Bg5 25. Kg2 Rhg8 26. Rh1 h5 27. Qf3 Kb8
28. Kf1 Bxd2 29. Nxd2 Nf6 30. Ne4 Qe7 31. Nxf6 Qxf6 32. Rxh5 Kc7 33. Re4 Rh8
34. Reh4 Rxh5 35. Rxh5 Rd8 36. Qe4 Rd6 37. Qh4 Qxh4 38. Rxh4 Kd7 39. Rh8 b5 40.
Ra8 c4 41. Ra7+ Kd8 42. dxc4 bxc4 43. Rxf7 Rd2 44. Ra7 Rxc2 45. bxc4 Rxc4 46.
Rxa5 Ke7 47. Rxe5+ Kf6 48. Re1 Rxa4 49. Re6+ Kxf5 50. Rxc6 Kg4 51. Kg2 Ra2 52.
Rc4+ Kg5 53. Rf4 Rb2 54. Kh3 Ra2 55. Rf8 Ra3 56. f4+ Kh5 57. Rf5+ Kg6 58. Rb5
Kf6 59. Kg4 Ra6 60. Rh5 Kg7 61. Kg5 Rg6+ 62. Kh4 Kf6 63. g4 Rg8 64. Rh6+ Kg7
65. Ra6 Kf7 66. g5 Rb8 67. f5 Rh8+ 68. Kg4 Rh1 69. Ra7+ Kg8 70. f6 1-0

[Event "BL 1920 SC Viernheim - SV Hockenheim"]
[Site "?"]
[Date "2019.11.24"]
[Round "2.5"]
[White "Ponomariov, Ruslan"]
[Black "Maze, Sebastien"]
[Result "1/2-1/2"]
[WhiteElo "2648"]
[BlackElo "2541"]
[PlyCount "45"]
[EventDate "2019.??.??"]

1. c4 Nf6 2. Nc3 g6 3. g3 Bg7 4. Bg2 O-O 5. e4 c5 6. Nge2 Nc6 7. d3 d6 8. O-O
Ne8 9. Be3 Nd4 10. Rb1 a5 11. h3 Nc7 12. a4 e5 13. Nb5 Bd7 14. Nec3 Bc6 15. b3
Qd7 16. Kh2 Rae8 17. h4 Nce6 18. Qd2 Qd8 19. Nd5 Bxd5 20. exd5 Nxb5 21. cxb5
Nd4 22. Bxd4 exd4 23. Rbe1 1/2-1/2

[Event "BL 1920 SC Viernheim - SV Hockenheim"]
[Site "?"]
[Date "2019.11.24"]
[Round "2.6"]
[White "Tarlev, Konstantin"]
[Black "Saric, Ivan"]
[Result "1/2-1/2"]
[WhiteElo "2564"]
[BlackElo "2650"]
[PlyCount "70"]
[EventDate "2019.??.??"]

1. e4 c5 2. Nf3 d6 3. d4 cxd4 4. Nxd4 Nf6 5. Nc3 a6 6. Be3 e6 7. Be2 Be7 8. g4
Nfd7 9. Qd2 b5 10. a3 Bb7 11. O-O-O Nc6 12. g5 Nxd4 13. Qxd4 Bxg5 14. Rhg1
Bxe3+ 15. Qxe3 Qb6 16. Qg3 Ne5 17. f4 Ng6 18. f5 Ne5 19. fxe6 fxe6 20. Qxg7
O-O-O 21. Qh6 Rhe8 22. Rg7 b4 23. axb4 Qxb4 24. Rxh7 Kb8 25. Rg1 Bxe4 26. Nxe4
Qxe4 27. Bd1 Rc8 28. Rg3 Rxc2+ 29. Bxc2 Qe1+ 30. Bd1 Rc8+ 31. Rc3 Nd3+ 32. Kc2
Nb4+ 33. Kb3 Rxc3+ 34. bxc3 Qxd1+ 35. Kxb4 Qb1+ 1/2-1/2

[Event "BL 1920 SC Viernheim - SV Hockenheim"]
[Site "?"]
[Date "2019.11.24"]
[Round "2.7"]
[White "Wagner, Dennis"]
[Black "Zaragatski, Ilja"]
[Result "1-0"]
[WhiteElo "2573"]
[BlackElo "2503"]
[PlyCount "99"]
[EventDate "2019.??.??"]

1. d4 d5 2. c4 e6 3. Nc3 c6 4. e4 dxe4 5. Nxe4 Bb4+ 6. Bd2 Qxd4 7. Bxb4 Qxe4+
8. Be2 Na6 9. Ba5 f6 10. Nf3 b6 11. Nd2 Qf5 12. Bh5+ g6 13. Bf3 Qe5+ 14. Kf1
Qc7 15. Bc3 h5 16. Qa4 Bb7 17. b4 Kf7 18. Ne4 e5 19. Rd1 Rd8 20. Rxd8 Qxd8 21.
Ke2 Kg7 22. Rd1 Qc7 23. Rd6 Ne7 24. Rxf6 Nf5 25. Rd6 Re8 26. Rd3 Qf7 27. c5 Nc7
28. Nd6 Nxd6 29. cxd6 Nb5 30. Bb2 Nd4+ 31. Bxd4 exd4+ 32. Kd1 Rd8 33. Qxa7 Rxd6
34. Qxb6 Qd7 35. a4 Bc8 36. Be4 c5 37. Qxc5 Qxa4+ 38. Qc2 Qe8 39. f3 Ba6 40.
Ra3 Bb5 41. Qc5 Ba4+ 42. Kd2 Ra6 43. Qxd4+ Kh6 44. Bd3 Re6 45. Rxa4 Qxa4 46.
Qh8+ Kg5 47. Qd8+ Kh6 48. Qf8+ Kg5 49. h4+ Kxh4 50. Qf4# 1-0

[Event "BL 1920 SC Viernheim - SV Hockenheim"]
[Site "?"]
[Date "2019.11.24"]
[Round "2.8"]
[White "Meinhardt, Maximilian"]
[Black "Baramidze, David"]
[Result "0-1"]
[WhiteElo "2372"]
[BlackElo "2593"]
[PlyCount "178"]
[EventDate "2019.??.??"]

1. e4 e5 2. Nf3 Nc6 3. d4 exd4 4. Nxd4 Bb4+ 5. c3 Bc5 6. Be3 Bb6 7. Qg4 Qf6 8.
Qg3 d6 9. Nb5 Bxe3 10. Qxe3 Qe7 11. c4 Nb4 12. N1a3 Nc6 13. Nb1 Nb4 14. N1a3
Nf6 15. Be2 O-O 16. O-O Re8 17. Bf3 Bg4 18. Bxg4 Nxg4 19. Qd2 Qe5 20. g3 Na6
21. f3 Nf6 22. Rad1 h5 23. Qd4 Qg5 24. Qd2 Qe5 25. Qd4 Qg5 26. Nc2 h4 27. Qe3
Qe5 28. Qd4 Qg5 29. Qe3 Qg6 30. Qf4 hxg3 31. Qxg3 Qh5 32. Kh1 g6 33. Ne3 Qh8
34. Rg1 Rad8 35. Rd2 Rd7 36. Rdg2 c6 37. Nc3 Nc5 38. Rd1 Ne6 39. Rgd2 Nh5 40.
Qf2 Red8 41. Ng4 Nf6 42. Qg3 Nh5 43. Qh4 f6 44. Ne2 Kf7 45. Ng3 Nef4 46. Nxh5
Nxh5 47. Rd4 Ke6 48. Qe1 Nf4 49. R4d2 Qh3 50. Qg3 g5 51. Qf2 a6 52. Ne3 Kf7 53.
Ng2 Ng6 54. b3 Ne5 55. Ne1 Ke7 56. Qg2 Rh8 57. Qxh3 Rxh3 58. Kg2 Rh4 59. Nd3
Ke6 60. Nf2 Rf4 61. Nd3 Rh4 62. Nxe5 Kxe5 63. h3 Rdh7 64. Rxd6 Rxh3 65. Kf2 g4
66. fxg4 Rh2+ 67. Kg1 Rh1+ 68. Kg2 R7h2+ 69. Kg3 Rh3+ 70. Kg2 R1h2+ 71. Kg1
Rxa2 72. R6d3 Rh4 73. Rg3 Kxe4 74. Rf1 Rh6 75. Rgf3 Rg6 76. Rf4+ Ke5 77. Rf5+
Ke6 78. Re1+ Kf7 79. Rf4 Rb2 80. Re3 Rg5 81. Ref3 Ke7 82. Rxf6 Rxg4+ 83. Kf1
Rh4 84. Kg1 Rxb3 85. Rf7+ Ke6 86. Rxb3 Kxf7 87. c5 Ke6 88. Rxb7 Rf4 89. Rb6 Kd5
0-1

[Event "BL 1920 Aachener SV - SG Speyer-Schwege"]
[Site "?"]
[Date "2019.11.24"]
[Round "2.1"]
[White "Abasov, Nijat"]
[Black "Seel, Christian"]
[Result "1-0"]
[WhiteElo "2655"]
[BlackElo "2485"]
[PlyCount "117"]
[EventDate "2019.??.??"]

1. c4 Nf6 2. Nc3 c5 3. Nf3 d5 4. cxd5 Nxd5 5. e3 Nc6 6. Bb5 Nxc3 7. bxc3 Qc7 8.
d4 e6 9. O-O Be7 10. Ne5 O-O 11. Bxc6 bxc6 12. Qa4 Bd6 13. f4 cxd4 14. cxd4 c5
15. Ba3 cxd4 16. Rac1 Qe7 17. Nc6 Qd7 18. Rfd1 e5 19. fxe5 Bxa3 20. Qxa3 Bb7
21. Rxd4 Qe6 22. Ne7+ Kh8 23. Rc7 Qb6 24. Qc5 Rfb8 25. Qxb6 axb6 26. Nf5 Kg8
27. Rg4 Kh8 28. Rd4 Kg8 29. e6 fxe6 30. Rxg7+ Kf8 31. Rdd7 exf5 32. Rxh7 Kg8
33. Rdg7+ Kf8 34. Rxb7 Rxb7 35. Rxb7 Rxa2 36. Rxb6 Kf7 37. Kf1 Rc2 38. Rb4 Kf6
39. Rf4 Ke5 40. Rf2 Rc1+ 41. Ke2 Ke4 42. Rf4+ Ke5 43. Ra4 Kf6 44. h4 Rh1 45. g3
Ke5 46. Kf2 Rc1 47. h5 Kf6 48. Rh4 Kg7 49. h6+ Kh7 50. Rh5 Rc5 51. g4 Rc2+ 52.
Kf3 fxg4+ 53. Kxg4 Rf2 54. e4 Rf1 55. e5 Rf2 56. e6 Rf8 57. Kg5 Rf1 58. e7 Rf2
59. Rh4 1-0

[Event "BL 1920 Aachener SV - SG Speyer-Schwege"]
[Site "?"]
[Date "2019.11.24"]
[Round "2.3"]
[White "Horvath, Adam"]
[Black "Piceu, Tom"]
[Result "1-0"]
[WhiteElo "2487"]
[BlackElo "2354"]
[PlyCount "57"]
[EventDate "2019.??.??"]

1. e4 c5 2. Nf3 d6 3. d4 cxd4 4. Nxd4 Nf6 5. Nc3 a6 6. Be2 e5 7. Nb3 Be6 8. f4
exf4 9. Bxf4 Nc6 10. Qd2 Qb6 11. O-O-O Rd8 12. Nd5 Bxd5 13. exd5 Ne5 14. Qc3
Ne4 15. Qd4 Qxd4 16. Rxd4 Nf6 17. Na5 Rb8 18. Rhd1 Kd7 19. Rb4 Kc7 20. Be3 b6
21. Nc6 Nxc6 22. Rc4 Nxd5 23. Rxd5 Re8 24. Kd2 b5 25. Rc3 Re4 26. Rf5 d5 27.
Rxf7+ Re7 28. Rf4 g6 29. Rf6 1-0

[Event "BL 1920 Aachener SV - SG Speyer-Schwege"]
[Site "?"]
[Date "2019.11.24"]
[Round "2.4"]
[White "Klein, Felix"]
[Black "Nemeth, Miklos"]
[Result "0-1"]
[WhiteElo "2333"]
[BlackElo "2487"]
[PlyCount "74"]
[EventDate "2019.??.??"]

1. e4 e5 2. Nf3 Nc6 3. Bb5 a6 4. Ba4 Nf6 5. O-O Be7 6. Re1 b5 7. Bb3 d6 8. c3
O-O 9. d4 Bg4 10. Be3 Bh5 11. h3 exd4 12. cxd4 Na5 13. Bc2 Nc4 14. Bc1 d5 15.
e5 Ne4 16. Bxe4 dxe4 17. Rxe4 f6 18. e6 f5 19. Re1 Bf6 20. Nc3 Qd6 21. b3 Nb6
22. Bb2 Rae8 23. d5 b4 24. Na4 Nxd5 25. Bxf6 Rxf6 26. Qd3 Nf4 27. Qxd6 cxd6 28.
Nd4 Rg6 29. g3 Nxh3+ 30. Kg2 Nf4+ 31. Kf1 Nxe6 32. Nxf5 Rf6 33. Nxd6 Bf3 34.
Re3 Ref8 35. Ke1 Nd4 36. Ne4 Bxe4 37. Rxe4 Nc2+ 0-1

[Event "BL 1920 Aachener SV - SG Speyer-Schwege"]
[Site "?"]
[Date "2019.11.24"]
[Round "2.5"]
[White "Shytaj, Luca"]
[Black "Lemmers, Oscar"]
[Result "1/2-1/2"]
[WhiteElo "2483"]
[BlackElo "2346"]
[PlyCount "77"]
[EventDate "2019.??.??"]

1. e4 c5 2. Nf3 e6 3. d4 cxd4 4. Nxd4 a6 5. Nc3 b5 6. Bd3 Qb6 7. Nf3 Qc7 8. O-O
Bb7 9. Re1 Bc5 10. e5 f5 11. Bd2 Nc6 12. Bxf5 exf5 13. Nd5 Qd8 14. b4 Nxb4 15.
Bxb4 Bxb4 16. Nxb4 Ne7 17. Qd4 O-O 18. Rad1 a5 19. Qxd7 Qxd7 20. Rxd7 Bxf3 21.
gxf3 axb4 22. Rxe7 Rf7 23. Re6 Rc7 24. Rb6 Kf7 25. Rxb5 Rxa2 26. Rxb4 Raxc2 27.
Kg2 R2c4 28. Rb6 R4c6 29. Reb1 Rxb6 30. Rxb6 f4 31. Kh3 Re7 32. Rb5 h5 33. Kh4
Kg6 34. e6 Rxe6 35. Rg5+ Kf6 36. Kxh5 Re2 37. Rg6+ Kf7 38. Rg2 Re6 39. Rg5
1/2-1/2

[Event "BL 1920 Aachener SV - SG Speyer-Schwege"]
[Site "?"]
[Date "2019.11.24"]
[Round "2.6"]
[White "Meessen, Rudolf"]
[Black "Kovacs, Gabor"]
[Result "0-1"]
[WhiteElo "2234"]
[BlackElo "2457"]
[PlyCount "94"]
[EventDate "2019.??.??"]

1. d4 d5 2. c4 e6 3. Nc3 Be7 4. Nf3 Nf6 5. Bf4 O-O 6. e3 c5 7. dxc5 Bxc5 8.
cxd5 Nxd5 9. Nxd5 exd5 10. a3 Nc6 11. Rc1 Bb6 12. Be2 d4 13. Nxd4 Nxd4 14. exd4
Bxd4 15. O-O Qf6 16. Rc4 Rd8 17. Qc1 h6 18. Bc7 Re8 19. Rxd4 Qxd4 20. Rd1 Qa4
21. Bf3 Qb5 22. b4 Be6 23. h3 Rac8 24. Qf4 Qc4 25. Qxc4 Bxc4 26. Bf4 Re7 27.
Rd4 Be6 28. Be3 b6 29. h4 Rd7 30. h5 Rc3 31. Rf4 Rxa3 32. b5 Rc3 33. Ra4 Rc4
34. Ra3 Bg4 35. Bc6 Re7 36. Bd5 Rb4 37. Bc6 Bxh5 38. Rd3 Kh7 39. Kh2 Bg6 40.
Rd8 Be4 41. Be8 Bb7 42. Rb8 Rc4 43. Kg3 Rc8 44. Rxc8 Bxc8 45. Bc6 Bf5 46. Bf4
Bd3 47. Bd6 Re6 0-1

[Event "BL 1920 Aachener SV - SG Speyer-Schwege"]
[Site "?"]
[Date "2019.11.24"]
[Round "2.7"]
[White "Boguslawski, Oleg"]
[Black "Coenen, Norbert"]
[Result "1/2-1/2"]
[WhiteElo "2391"]
[BlackElo "2293"]
[PlyCount "70"]
[EventDate "2019.??.??"]

1. e4 c5 2. Nf3 e6 3. d4 cxd4 4. Nxd4 Nc6 5. Nc3 d6 6. Be3 Nf6 7. f3 Be7 8. Qd2
O-O 9. O-O-O d5 10. exd5 Nxd5 11. Nxd5 Qxd5 12. Kb1 Nxd4 13. Qxd4 Qxd4 14. Bxd4
Rd8 15. Be2 Bd7 16. Be3 Kf8 17. Rd2 Bc6 18. Rxd8+ Bxd8 19. Rd1 Bc7 20. h3 a5
21. c4 f5 22. Kc2 Ke7 23. Kc3 Kf6 24. b3 g5 25. Bc5 Rd8 26. Rxd8 Bxd8 27. Bd6
e5 28. a3 e4 29. b4 axb4+ 30. axb4 Ke6 31. Bb8 b6 32. fxe4 Bxe4 33. Bf3 Bf6+
34. Kd2 Bxf3 35. gxf3 h5 1/2-1/2

[Event "BL 1920 Aachener SV - SG Speyer-Schwege"]
[Site "?"]
[Date "2019.11.24"]
[Round "2.8"]
[White "Begnis, Nikolaos"]
[Black "Bodrozic, Tomislav"]
[Result "1/2-1/2"]
[WhiteElo "2279"]
[BlackElo "2363"]
[PlyCount "56"]
[EventDate "2019.??.??"]

1. e4 c5 2. Nf3 d6 3. c3 Nf6 4. h3 g6 5. Bd3 Bg7 6. Bc2 e5 7. d4 exd4 8. cxd4
cxd4 9. Nxd4 O-O 10. O-O Nc6 11. Ne2 d5 12. exd5 Nxd5 13. Nbc3 Be6 14. Be4 Nxc3
15. Nxc3 Bc4 16. Re1 Qxd1 17. Rxd1 Rfe8 18. Bd5 Bxd5 19. Nxd5 h6 20. Be3 Rad8
21. Rab1 Re6 22. Rd2 Nd4 23. Bxd4 Rxd5 24. Rbd1 Bxd4 25. Rxd4 Rxd4 26. Rxd4 Re2
27. Rb4 b6 28. a4 Kg7 1/2-1/2

[Event "BL 1920 SG Solingen - SV Lingen"]
[Site "?"]
[Date "2019.11.24"]
[Round "2.1"]
[White "Laznicka, Viktor"]
[Black "Tari, Aryan"]
[Result "1/2-1/2"]
[WhiteElo "2667"]
[BlackElo "2629"]
[PlyCount "78"]
[EventDate "2019.??.??"]

1. c4 g6 2. Nc3 c5 3. Nf3 Bg7 4. e3 Nf6 5. d4 cxd4 6. exd4 d5 7. a3 O-O 8. h3
b6 9. Be3 Ba6 10. Qa4 Bb7 11. Rc1 dxc4 12. Bxc4 a6 13. Qd1 b5 14. Ba2 Nbd7 15.
O-O Nb6 16. Ne5 Rc8 17. Qe2 Nbd5 18. Rfd1 Nxc3 19. bxc3 Bd5 20. c4 bxc4 21.
Bxc4 Bxc4 22. Rxc4 Nd5 23. Bd2 Rxc4 24. Qxc4 e6 25. Rc1 Qd6 26. a4 Rb8 27. a5
h5 28. Nd3 Kh7 29. Nc5 Bh6 30. Bxh6 Kxh6 31. Nxa6 Rb2 32. Nc5 Rb4 33. Qd3 Qf4
34. Qa3 Rxd4 35. a6 Rd2 36. Rf1 Nc7 37. Nd3 Qf5 38. Qf8+ Kh7 39. Nc5 Rc2
1/2-1/2

[Event "BL 1920 SG Solingen - SV Lingen"]
[Site "?"]
[Date "2019.11.24"]
[Round "2.2"]
[White "Van Foreest, Jorden"]
[Black "Volokitin, Andrei"]
[Result "1-0"]
[WhiteElo "2632"]
[BlackElo "2633"]
[PlyCount "125"]
[EventDate "2019.??.??"]

1. e4 c5 2. Nf3 d6 3. d4 cxd4 4. Nxd4 Nf6 5. Nc3 a6 6. Bd3 e5 7. Nde2 Be7 8.
O-O O-O 9. Ng3 Be6 10. Nd5 Bxd5 11. exd5 g6 12. a4 Nbd7 13. a5 b5 14. c4 b4 15.
b3 Nc5 16. Bc2 Nfd7 17. Bd2 Rb8 18. Qe1 Rb7 19. Ne2 Bg5 20. Bxb4 Qb8 21. Ba3
Nxb3 22. Bxb3 Rxb3 23. Nc3 f5 24. Na4 Qc7 25. Qe2 Rc8 26. c5 Qxa5 27. c6 Qxa4
28. Bxd6 Qb5 29. cxd7 Qxd7 30. Bxe5 Qxd5 31. Qxa6 Re8 32. f4 Qe6 33. Qxe6+ Rxe6
34. Ra8+ Kf7 35. Rh8 Bf6 36. Rxh7+ Kg8 37. Rd7 Bxe5 38. fxe5 Re3 39. Ra1 R3xe5
40. Raa7 Re1+ 41. Kf2 R1e2+ 42. Kf3 R2e3+ 43. Kf2 Re2+ 44. Kf3 R2e3+ 45. Kf4
R3e4+ 46. Kg3 Re3+ 47. Kh4 R3e4+ 48. Kh3 Kf8 49. Rh7 Re7 50. Ra8+ Re8 51. Rh8+
Kf7 52. Rhxe8 Rxe8 53. Rxe8 Kxe8 54. Kh4 Kf8 55. Kg5 Kf7 56. h3 Kg7 57. h4 Kh7
58. h5 gxh5 59. Kxh5 f4 60. Kg5 Kg7 61. Kxf4 Kf6 62. Kg4 Kg6 63. g3 1-0

[Event "BL 1920 SG Solingen - SV Lingen"]
[Site "?"]
[Date "2019.11.24"]
[Round "2.3"]
[White "Bindrich, Falko"]
[Black "Andersen, Mads"]
[Result "1-0"]
[WhiteElo "2602"]
[BlackElo "2601"]
[PlyCount "101"]
[EventDate "2019.??.??"]

1. e4 c5 2. Nf3 d6 3. d4 cxd4 4. Nxd4 Nf6 5. Nc3 a6 6. g3 Bd7 7. Bg2 Nc6 8. O-O
e6 9. Re1 Be7 10. a4 O-O 11. Nxc6 Bxc6 12. a5 Qc7 13. Be3 Nd7 14. Na4 Rae8 15.
Nb6 f5 16. Nxd7 Qxd7 17. Bb6 fxe4 18. Bxe4 Bf6 19. c3 Bxe4 20. Rxe4 d5 21. Re2
Qc6 22. Qd3 Rf7 23. Rae1 Rfe7 24. Qf3 Rf7 25. Qg4 Rfe7 26. h4 g6 27. h5 Kf7 28.
Be3 e5 29. Bg5 Bxg5 30. Qxg5 Qf6 31. Qd2 Rd8 32. Re4 gxh5 33. Rh4 Kg6 34. Qc2+
e4 35. c4 Kg7 36. cxd5 Rxd5 37. Rhxe4 Rxe4 38. Rxe4 Rd7 39. Qe2 Qf5 40. Re5
Rd1+ 41. Kg2 Rd2 42. Qxd2 Qxe5 43. Qc3 Qxc3 44. bxc3 Kf6 45. f4 Ke6 46. Kf3 Kf5
47. c4 h6 48. c5 Kf6 49. Ke4 Ke6 50. f5+ Kf6 51. Kf4 1-0

[Event "BL 1920 SG Solingen - SV Lingen"]
[Site "?"]
[Date "2019.11.24"]
[Round "2.4"]
[White "Van Wely, Loek"]
[Black "Ivanisevic, Ivan"]
[Result "1/2-1/2"]
[WhiteElo "2610"]
[BlackElo "2598"]
[PlyCount "108"]
[EventDate "2019.??.??"]

1. d4 Nf6 2. c4 c5 3. d5 g6 4. Nc3 Bg7 5. e4 d6 6. h3 O-O 7. Nf3 e6 8. Bd3 Nbd7
9. Bg5 exd5 10. cxd5 Re8 11. O-O h6 12. Be3 g5 13. Re1 a6 14. a4 g4 15. hxg4
Nxg4 16. Bf4 Nf8 17. Bg3 Ng6 18. Qd2 h5 19. Qg5 Qxg5 20. Nxg5 N4e5 21. Be2 h4
22. Bh2 Bd7 23. a5 Re7 24. Ra3 c4 25. Nd1 Bh6 26. f4 Ng4 27. Bxg4 Bxg4 28. Ne3
Bxg5 29. fxg5 Rxe4 30. Bxd6 Rae8 31. Kf2 Bd7 32. Rd1 Ne5 33. Bxe5 R8xe5 34. Rc3
Rf4+ 35. Kg1 Rxg5 36. Rxc4 Rf3 37. Re4 h3 38. Rd2 Rgg3 39. Nc4 Bb5 40. Kh2 hxg2
41. Rxg2 Rxg2+ 42. Kxg2 Rd3 43. Nb6 Kf8 44. b4 f6 45. Kf2 Kf7 46. Re3 Rd4 47.
Rc3 f5 48. Rc7+ Kf6 49. Rxb7 Ke5 50. Re7+ Kf4 51. Re6 Rxb4 52. d6 Rd4 53. d7
Bxd7 54. Nxd7 Rxd7 1/2-1/2

[Event "BL 1920 SG Solingen - SV Lingen"]
[Site "?"]
[Date "2019.11.24"]
[Round "2.5"]
[White "Perunovic, Milos"]
[Black "Predojevic, Borki"]
[Result "1/2-1/2"]
[WhiteElo "2578"]
[BlackElo "2621"]
[PlyCount "43"]
[EventDate "2019.??.??"]

1. e4 e5 2. Nf3 Nc6 3. Nc3 Nf6 4. Bb5 Nd4 5. Bc4 Bc5 6. d3 d6 7. Na4 b5 8. Nxd4
bxc4 9. Nf5 Bxf5 10. exf5 cxd3 11. Nxc5 dxc5 12. Qxd3 Qxd3 13. cxd3 O-O-O 14.
Ke2 Nd5 15. Rd1 Rd6 16. Be3 Nf4+ 17. Bxf4 exf4 18. Rac1 Rd5 19. Rc4 Rxf5 20.
Kf3 Rd8 21. Rxf4 Rxf4+ 22. Kxf4 1/2-1/2